[Event "Stay Safe Play From Home 298"]
[Site "Emanuel Lasker Arena"]
[Date "2020.07.13"]
[Round "7"]
[White "Buzaglo"]
[Black "Chase the sun"]
[Result "0-1"]
[WhiteElo "1851"]
[BlackElo "1792"]
[Annotator "NA RC"]
[PlyCount "122"]
[EventDate "2020.07.13"]
[EventType "swiss (blitz)"]

{- Lerch, Martin Erik} 1. d4 {[%emt 0:00:00]} e6 {[%emt 0:00:01]} 2. Nf3 {[%emt 0:00:00]} f5 {[%emt 0:00:01]} 3. g3 {[%emt 0:00:00]} Nf6 {[%emt 0:00:01]} 4. Bg2 {[%emt 0:00:00]} Be7 {[%emt 0:00:00]} 5. Kf1 {[%emt 0:00:00]} O-O {[%emt 0:00:00]} 6. c4 {[%emt 0:00:01]} d6 {[%emt 0:00:00]} 7. Bh3 {[%emt 0:00:01]} Qe8 {[%emt 0:00:00]} 8. Kg2 {[%emt 0:00:01]} Nc6 {[%emt 0:00:01]} 9. Re1 {[%emt 0:00:01]} e5 {[%emt 0:00:01]} 10. dxe5 {[%emt 0:00:01]} dxe5 {[%emt 0:00:00]} 11. Kg1 {[%emt 0:00:01]} Qh5 {[%emt 0:00:01]} 12. Bg2 {[%emt 0:00:01]} Ng4 {[%emt 0:00:02]} 13. h3 {[%emt 0:00:01]} Nh6 {[%emt 0:00:01]} 14. Bxh6 {[%emt 0:00:01]} Qxh6 {[%emt 0:00:01]} 15. Qd5+ {[%emt 0:00:01]} Be6 {[%emt 0:00:02]} 16. Qb5 {[%emt 0:00:01]} Rae8 {[%emt 0:00:02]} 17. Nxe5 {[%emt 0:00:02]} Nxe5 {[%emt 0:00:01]} 18. Qxe5 {[%emt 0:00:00]} Bd6 {[%emt 0:00:01]} 19. Qd4 {[%emt 0:00:05]} f4 {[%emt 0:00:02]} 20. Nd2 {[%emt 0:00:05]} fxg3 {[%emt 0:00:02]} 21. fxg3 {[%emt 0:00:01]} Bxh3 {[%emt 0:00:02]} 22. Qh4 {[%emt 0:00:03]} Qxh4 {[%emt 0:00:02]} 23. gxh4 {[%emt 0:00:01]} Bxg2 {[%emt 0:00:01]} 24. Kxg2 {[%emt 0:00:00]} Rf4 {[%emt 0:00:02]} 25. Nf3 {[%emt 0:00:01]} Rxc4 {[%emt 0:00:01]} 26. Rad1 {[%emt 0:00:01]} Rc2 {[%emt 0:00:01]} 27. Rd2 {[%emt 0:00:02]} Rxd2 {[%emt 0:00:02]} 28. Nxd2 {[%emt 0:00:00]} Re5 {[%emt 0:00:03]} 29. Nc4 {[%emt 0:00:00]} Rd5 {[%emt 0:00:02]} 30. Rf1 {[%emt 0:00:03]} b5 {[%emt 0:00:02]} 31. Ne3 {[%emt 0:00:00]} Rd2 {[%emt 0:00:03]} 32. Nf5 {[%emt 0:00:01]} Rxb2 {[%emt 0:00:02]} 33. Kf3 {[%emt 0:00:00]} Rxa2 {[%emt 0:00:01]} 34. Nd4 {[%emt 0:00:00]} Ra3+ {[%emt 0:00:01]} 35. Kg2 {[%emt 0:00:02]} a5 {[%emt 0:00:02]} 36. Nxb5 {[%emt 0:00:01]} Rb3 {[%emt 0:00:00]} 37. Nd4 {[%emt 0:00:01]} Rb4 {[%emt 0:00:01]} 38. Rd1 {[%emt 0:00:01]} a4 {[%emt 0:00:01]} 39. Nc2 {[%emt 0:00:01]} Rxh4 {[%emt 0:00:01]} 40. Na3 {[%emt 0:00:02]} Rh2+ {[%emt 0:00:01]} 41. Kg1 {[%emt 0:00:01]} Rh3 {[%emt 0:00:01]} 42. Nc4 {[%emt 0:00:01]} Rc3 {[%emt 0:00:01]} 43. Nxd6 {[%emt 0:00:01]} cxd6 {[%emt 0:00:00]} 44. Rxd6 {[%emt 0:00:00]} a3 {[%emt 0:00:01]} 45. Rd8+ {[%emt 0:00:00]} Kf7 {[%emt 0:00:02]} 46. Ra8 {[%emt 0:00:00]} Kg6 {[%emt 0:00:00]} 47. Kf2 {[%emt 0:00:00]} h5 {[%emt 0:00:00]} 48. Ra6+ {[%emt 0:00:02]} Kg5 {[%emt 0:00:01]} 49. Kg2 {[%emt 0:00:00]} Kg4 {[%emt 0:00:00]} 50. Ra4+ {[%emt 0:00:01]} Kf5 {[%emt 0:00:01]} 51. Ra5+ {[%emt 0:00:01]} Kf6 {[%emt 0:00:01]} 52. Rxh5 {[%emt 0:00:01]} g5 {[%emt 0:00:01]} 53. Rh6+ {[%emt 0:00:02]} Kf5 {[%emt 0:00:00]} 54. Ra6 {[%emt 0:00:00]} Kg4 {[%emt 0:00:00]} 55. Ra5 {[%emt 0:00:00]} Kh5 {[%emt 0:00:00]} 56. Ra4 {[%emt 0:00:00]} Rb3 {[%emt 0:00:01]} 57. e3 {[%emt 0:00:01]} Rc3 {[%emt 0:00:00]} 58. Kf2 {[%emt 0:00:01]} Rb3 {[%emt 0:00:00]} 59. Kf3 {[%emt 0:00:00]} Rc3 {[%emt 0:00:00]} 60. Rb4 {[%emt 0:00:01]} Rb3 {[%emt 0:00:00]} 61. Ra4 {[%emt 0:00:01]} a2 {[%emt 0:00:00] Time (Lag: Av=0.59s, max=1.4s)} 0-1

[Event "Stay Safe Play From Home 298"]
[Site "Emanuel Lasker Arena"]
[Date "2020.07.13"]
[Round "8"]
[White "Broken sword"]
[Black "Souchov"]
[Result "1-0"]
[WhiteElo "2403"]
[BlackElo "2041"]
[Annotator "TA"]
[PlyCount "101"]
[EventDate "2020.07.13"]
[EventType "swiss (blitz)"]

{[%evp 20,101,35,34,21,29,88,40,52,31,75,33,37,25,37,4,33,33,56,-24,-16,-26,-31,-22,0,-25,105,112,167,76,79,28,76,5,80,0,35,-150,130,0,134,115,367,60,65,63,100,102,232,211,670,274,925,274,1538,312,332,27,543,532,5569,1602,1412,612,1810,14,8,24,13,-5,32,-24,79,-118,0,-85,0,-188,0,0,245,237,310,285]} 1. e4 c5 2. Nf3 Nc6 3. d4 cxd4 4. Nxd4 Nf6 5. Nc3 d6 6. f3 e5 7. Nb3 Be6 8. Be3 Be7 9. Qd2 O-O 10. Rd1 a5 11. Bb5 Qb8 {B56: Classical Sicilian: Unusual Lines.} 12. O-O Rd8 {[#]} (12... Rc8 $11) 13. Qf2 $146 ({Predecessor:} 13. Qe2 d5 14. exd5 Nxd5 15. Nxd5 Bxd5 16. Bb6 Rd7 17. Nc5 Bxc5+ 18. Bxc5 Qc7 19. c4 {1-0 (44) Katkov,S (2187)-Kirillov,A (2395) Tomsk 2003}) 13... d5 {White is slightly better.} 14. Bb6 Rd7 15. exd5 Nxd5 16. Nxd5 Rxd5 17. c4 Rxd1 18. Rxd1 a4 19. Nd2 (19. Nc5 $14) 19... Nd4 $11 20. Bxd4 exd4 21. Ne4 a3 22. b3 Bd8 (22... Qc7 $11) 23. Qxd4 $16 Bf5 (23... Bc7 $16) 24. Ng3 (24. c5 $18) 24... Bg6 25. Kh1 (25. c5 $16) 25... Bc7 26. Nf1 (26. c5 $16) 26... h5 (26... Qd8 $1 $11) 27. Qd7 $40 {[%mdl 128] White is up to no good.} (27. Qc5 $16) 27... Bb6 (27... Bc2 $5 {[%cal Rc2d1]} 28. Rd2 Bxb3 $14) 28. Qd2 $2 (28. Rd5 $14 {keeps the upper hand.}) 28... Bc5 $2 (28... Qe5 $17 {keeps the pressure on.} 29. Bd7 Rd8) 29. Ng3 (29. b4 $1 $16 {[%cal Rb4c5]} Be7 30. Ne3) 29... b6 (29... Qe5 $11) 30. Bc6 {And now Qg5 would win.} Be7 $2 {[%mdl 8192]} (30... Ra7 $16 {was worth a try.} 31. Be4 h4) 31. Be4 $2 (31. Bxa8 $18 Qxa8 32. Qe3) 31... Bxe4 $1 $14 32. Nxe4 b5 33. c5 b4 (33... Qe5 $16 {is a better defense.}) 34. Qd5 {Threatens to win with Nd6.} h4 $2 (34... Ra7 35. Qxh5 Qf4) 35. h3 (35. Nd6 $142 Bxd6 36. cxd6) 35... Qc8 $2 {[#]} (35... Qf8 36. Nd6 Rd8) 36. Rc1 $2 (36. Nd6 $1 Bxd6 37. cxd6) 36... Bd8 $2 (36... Qf8 37. Qc4 Rb8) 37. c6 $2 (37. Nd6 Qa6 38. c6) 37... Bc7 38. Qc4 $2 ({White should play} 38. Nd6 $18 Qe6 39. Qxe6 fxe6 40. Nb5) 38... Bb8 $2 {[%mdl 8192]} (38... Qf5 $11 {and Black stays safe.}) 39. c7 $18 Ba7 {[#]} 40. Qxb4 (40. Ng5 $142 $1 Qe8 41. c8=Q Rxc8 42. Qxc8) 40... Be3 41. Re1 (41. Nd6 $142 Bxc1 42. Nxc8 Rxc8 43. Qb7 Rxc7 44. Qb8+ Kh7 45. Qxc7 {[%mdl 64] Double Attack}) 41... Bf4 {[#]} 42. Qc4 $2 ({Only move:} 42. Nf6+ $1 $18 {[%mdl 512]} gxf6 43. Qxf4 {[%mdl 64] Double Attack}) 42... Qxc7 $11 43. Qxc7 Bxc7 {[%mdl 4096] Endgame KRB-KRN} 44. Rb1 Ba5 45. Rc1 (45. b4 $14 Bb6 46. Nd6) 45... Bb4 (45... Rd8 $11 {keeps the balance.}) 46. Rf1 $2 {[#]} (46. Kg1 $16) 46... Bf8 (46... Rc8 $1 $17 {[%cal Rc8c2] ...Rc2 is the strong threat.} 47. Nf2 Rc2) 47. g3 (47. g4 $11) 47... Rc8 (47... f5 $17 48. Ng5 Re8 49. gxh4 Re2) 48. gxh4 $2 {[#]} (48. g4 $1 $11) 48... Rc2 $2 ({Better is} 48... f5 $1 $19 {[%cal Rf5e4]} 49. Ng5 Rc2) 49. Rf2 Rxf2 $2 (49... Rb2 $11) 50. Nxf2 $18 f6 51. Kg2 {Accuracy: White = 19%, Black = 19%.} 1-0

[Event "Stay Safe Play From Home 298"]
[Site "Emanuel Lasker Arena"]
[Date "2020.07.13"]
[Round "8"]
[White "Mepe_Nika"]
[Black "Sfantul321"]
[Result "1-0"]
[WhiteElo "2396"]
[BlackElo "2023"]
[Annotator "NA RC"]
[PlyCount "69"]
[EventDate "2020.07.13"]
[EventType "swiss (blitz)"]

1. d4 {[%emt 0:00:01]} g6 {[%emt 0:00:00]} 2. e4 {[%emt 0:00:01]} Bg7 {[%emt 0:00:00]} 3. Nf3 {[%emt 0:00:00]} d6 {[%emt 0:00:00]} 4. Bd3 {[%emt 0:00:00]} Nf6 {[%emt 0:00:00]} 5. O-O {[%emt 0:00:01]} Bg4 {[%emt 0:00:01]} 6. Nbd2 {[%emt 0:00:01]} O-O {[%emt 0:00:01]} 7. h3 {[%emt 0:00:00]} Bxf3 {[%emt 0:00:01]} 8. Nxf3 {[%emt 0:00:00]} Nc6 {[%emt 0:00:00]} 9. c3 {[%emt 0:00:01]} Nd7 {[%emt 0:00:01]} 10. Bg5 {[%emt 0:00:01]} h6 {[%emt 0:00:01]} 11. Bh4 {[%emt 0:00:01]} g5 {[%emt 0:00:01]} 12. Bg3 {[%emt 0:00:00]} e5 {[%emt 0:00:00]} 13. d5 {[%emt 0:00:01]} Ne7 {[%emt 0:00:00]} 14. Nd2 {[%emt 0:00:02]} Ng6 {[%emt 0:00:01]} 15. Be2 {[%emt 0:00:02]} Nf4 {[%emt 0:00:01]} 16. Bg4 {[%emt 0:00:02]} Nf6 {[%emt 0:00:01]} 17. Bf5 {[%emt 0:00:01]} c6 {[%emt 0:00:01]} 18. c4 {[%emt 0:00:01]} Qc7 {[%emt 0:00:02]} 19. Rc1 {[%emt 0:00:01]} Qb6 {[%emt 0:00:01]} 20. b3 {[%emt 0:00:01]} cxd5 {[%emt 0:00:02]} 21. exd5 {[%emt 0:00:00]} Qa5 {[%emt 0:00:03]} 22. Bb1 {[%emt 0:00:01]} a6 {[%emt 0:00:01]} 23. Qc2 {[%emt 0:00:01]} Rfe8 {[%emt 0:00:02]} 24. Ne4 {[%emt 0:00:01]} Nd7 {[%emt 0:00:05]} 25. Nxd6 {[%emt 0:00:03]} Reb8 {[%emt 0:00:03]} 26. Qf5 {[%emt 0:00:03]} Nf8 {[%emt 0:00:01]} 27. Qxf7+ {[%emt 0:00:01]} Kh8 {[%emt 0:00:01]} 28. Nf5 {[%emt 0:00:01]} Qc7 {[%emt 0:00:08]} 29. Qxc7 {[%emt 0:00:02]} Bf6 {[%emt 0:00:01]} 30. Nd6 {[%emt 0:00:02]} N4g6 {[%emt 0:00:03]} 31. Nf7+ {[%emt 0:00:04]} Kg8 {[%emt 0:00:01]} 32. Nxh6+ {[%emt 0:00:01]} Kh8 {[%emt 0:00:00]} 33. Qf7 {[%emt 0:00:03]} Nh7 {[%emt 0:00:07]} 34. Qxg6 {[%emt 0:00:03]} Nf8 {[%emt 0:00:02]} 35. Qg8# {[%emt 0:00:01] (Lag: Av=0.36s, max=1.0s)} 1-0

[Event "Stay Safe Play From Home 298"]
[Site "Emanuel Lasker Arena"]
[Date "2020.07.13"]
[Round "8"]
[White "Toosieslide"]
[Black "Lamborghini"]
[Result "1-0"]
[WhiteElo "2242"]
[BlackElo "2136"]
[Annotator "TA"]
[PlyCount "109"]
[EventDate "2020.07.13"]
[EventType "swiss (blitz)"]

{[%evp 15,109,33,51,0,10,-71,-70,-67,-64,-66,-64,-70,-72,-68,-55,-60,28,28,35,44,43,52,316,187,492,491,492,498,526,525,518,518,578,572,565,544,653,640,1331,1306,1263,451,457,434,629,427,521,406,507,404,397,364,420,-127,-93,-86,-85,-87,-81,-97,-104,-97,-83,-94,-16,-16,-16,-108,-106,-183,-160,-144,-31,-46,0,-7,0,0,0,0,0,0,0,0,0,0,6,0,29988,29989,29991,29992,29993,29989,29989,29990]} 1. d4 Nf6 2. c4 g6 3. g3 Bg7 4. Bg2 O-O 5. Nc3 c6 6. Nf3 d6 7. O-O Qa5 8. Bd2 Qh5 {8...Qa6 is more fashionable.} 9. e4 {E62: King's Indian: Fianchetto: 6...c6 and Panno Variation (6...Nc6) without ...a6.} (9. Qb3 $14) 9... Bg4 {[#]} 10. h3 $146 (10. Qe2 $11) ({Predecessor:} 10. Qe2 Nbd7 11. Qe3 Bh3 12. Qg5 Bxg2 13. Kxg2 Qxg5 14. Bxg5 h6 15. Bxf6 Bxf6 16. Rad1 Rfd8 {½-½ (36) Barreto Bastidas,J (1718)-Velasquez Cristancho,J (1731) Caracas 2019}) 10... Bxh3 $17 11. Ng5 {Black is slightly better.} Qxd1 12. Raxd1 Bxg2 13. Kxg2 h6 14. Nf3 Nfd7 15. Rh1 a5 ({Black should play} 15... h5 $1 $15) 16. Bxh6 $11 Bxh6 17. Rxh6 Kg7 $1 {[%cal Rg7h6]} 18. Rdh1 $36 {[%mdl 2048] White is pushing.} Rg8 $2 {[%mdl 8192]} (18... e5 $1 $14) 19. Ng5 (19. Rh7+ $142 Kf8 20. Ng5) 19... Nf6 $2 (19... Nf8 {is a better chance.} 20. f4 Na6) 20. e5 $18 dxe5 21. dxe5 Nbd7 22. exf6+ Nxf6 23. Nce4 Rad8 24. Nxf6 Kxf6 25. f4 Rd2+ 26. Kf3 Rgd8 27. Rh7 {[%csl Gg5][%cal Rh7f7]} Rf8 28. R7h2 (28. Ne4+ $142 Ke6 29. Nxd2) 28... Rxh2 29. Rxh2 {[%mdl 4096] Endgame Hoping for Nh7+. KRN-KR} Rd8 (29... Kg7 $142 30. b3 Kg8) 30. Re2 e6 31. Kg4 Rd4 32. Rc2 Ke7 33. Kf3 f5 34. Ne4 $2 (34. Re2 $18) 34... fxe4+ $17 {KR-KR} 35. Ke3 Rd3+ 36. Kxe4 Rxg3 37. b3 g5 38. fxg5 Rxg5 39. Rh2 Rg4+ (39... Kd6 $17) 40. Kf3 $11 Rg7 41. Ke4 (41. Rh5 $11) 41... Kd6 $17 42. Rd2+ (42. Rh3 $17 {might work better.}) 42... Kc5 $19 43. Ke5 {[#]} Kb4 ({Black should try} 43... a4 $1 $17 {And now ...axb3 would win.} 44. bxa4 Kxc4) 44. Kxe6 Rg3 45. Kd7 a4 46. bxa4 Rg7+ 47. Kc8 Kc3 48. Rd7 Rg8+ 49. Kxb7 {aiming for a5.} Kxc4 50. Kxc6 Rc8+ 51. Rc7 Ra8 $2 {[%mdl 8192] [#]} (51... Rxc7+ $11 52. Kxc7 Kb4) 52. Kb7+ {[%mdl 64] Discovered Attack. White mates.} Kb4 53. Kxa8 Ka5 54. Ra7+ Kb6 55. a5+ {Both players deserved the win here. Accuracy: White = 58%, Black = 48%.} 1-0

[Event "Stay Safe Play From Home 298"]
[Site "Emanuel Lasker Arena"]
[Date "2020.07.13"]
[Round "8"]
[White "Lazieri3"]
[Black "AChessPlayer"]
[Result "1-0"]
[WhiteElo "2038"]
[BlackElo "2391"]
[Annotator "TA"]
[PlyCount "195"]
[EventDate "2020.07.13"]
[EventType "swiss (blitz)"]

{[%evp 21,194,24,13,-2,12,0,0,0,17,4,38,22,32,20,686,686,739,673,885,726,712,0,675,622,746,279,722,713,687,695,717,717,687,658,664,669,719,570,769,697,783,626,664,517,611,609,555,244,244,247,250,246,270,213,261,222,501,488,539,532,527,483,529,524,515,470,521,0,389,0,281,0,367,347,329,253,347,347,347,343,990,977,927,917,1712,0,0,0,29973,29973,29969,29970,29969,29975,29979,29979,29980,29981,29981,29981,29984,29985,29985,29986,29986,29987,29987,29988,29988,29989,29989,29988,29988,29988,29988,29989,29989,29990,29990,29991,29993,29994,29996,29995,29995,29993,29994,29994,29994,29994,29994,29994,29994,29994,29995,29994,29994,29994,29995,29994,29994,29993,29993,29992,29992,29992,29993,29992,29993,29993,29993,29993,29993,29993,29993,29993,29993,29994,29994,29994,29994,29994,29996,29995,29995,29996,29996,29996,29998,29998,29998,29998,29998,29999,29999]} 1. e4 c6 2. Nc3 d5 3. d4 dxe4 4. Nxe4 Nf6 5. Nxf6+ exf6 6. Nf3 Bd6 7. Bd3 O-O 8. O-O Re8 9. h3 Nd7 10. Re1 Nf8 11. Rxe8 Qxe8 {[#]} 12. Qe1 $146 {B15: Caro-Kann: 3 Nc3: 3...g6 and 3...dxe4 4 Nxe4 Nf6 5 Nxf6+ exf6.} ({Predecessor:} 12. Qe2 Be6 13. Bd2 Qd7 14. b3 Ng6 15. Re1 Bc7 16. Bc4 Bf5 17. Bd3 Bxd3 18. Qxd3 h5 19. Bc1 Rd8 {0-1 (75) Tian,J (1902)-Li,S (2166) Tianjin 2020}) 12... Bd7 (12... Qxe1+ {feels hotter.} 13. Nxe1 Ng6 14. Bd2 Be6 15. Bf1 Nf4) 13. Qxe8 (13. Be3 {keeps more tension.} Be6 14. Qe2 Qd7 15. c4 Ng6 16. Bd2) 13... Rxe8 14. Bd2 {The position is equal.} f5 15. Re1 Rd8 16. c3 g6 17. Bg5 Be6 $2 {[%mdl 8192]} (17... Re8 $11) 18. Bxd8 $18 a6 19. Bf6 Bxa2 20. Be7 Bc7 {[#]} 21. Bf6 $2 ({Better is} 21. b3 $1 $18) 21... Ne6 $2 {[%mdl 8192]} (21... Bd6 $11 22. Re8 Bd5) 22. Ne5 Bd5 23. Bc4 $2 (23. c4) 23... Bxc4 $2 (23... Bxe5 24. Bxd5 (24. Rxe5 Bxc4 25. Re1 Bb3 $16) 24... Bxf6) 24. Nxc4 Kf8 25. Be5 Bd8 26. Bd6+ Ke8 27. Ne5 Bf6 28. g3 h5 29. Nf3 Bd8 30. h4 Kd7 31. Be5 a5 32. Ng5 Bxg5 33. hxg5 Nxg5 {Now ...Nf3+ and Black clings on.} 34. Bf6 (34. Kg2 $142) 34... Nf3+ 35. Kf1 Nxe1 36. Kxe1 {[%mdl 4096] Endgame KB-KP} Ke6 37. Bg5 a4 38. Kd2 Kd5 $2 (38... f6 39. Bh6 Kd5) 39. Kd3 b5 40. Bf6 Ke6 41. Bh4 Kd5 42. Bg5 Ke6 43. Bf4 Kd5 44. Bg5 $2 (44. Bd2 $18 c5 45. dxc5) 44... Kd6 $2 {[%mdl 8192]} (44... Ke6 $11 {and Black has nothing to worry.}) 45. Bf6 Ke6 $1 {[%cal Re6f6]} 46. Bg5 $2 (46. Bd8 $18) 46... f6 $2 {[%mdl 8192]} (46... Kd5 $11) 47. Bf4 g5 48. Bc7 f4 49. gxf4 g4 50. Ke2 f5 $2 (50... Kd7 51. Bb6 Ke6) 51. Kf1 Kd5 52. Kg2 Kc4 53. Bd6 $2 (53. Kg3 $18 {And now Kh4 would win.} Kd3 54. Kh4) 53... Kb3 $11 54. Ba3 {Strongly threatening Kg3.} Kc4 $2 {[%mdl 8192] White leaves nothing to chance now.} (54... h4 $11) 55. Kg3 {White mates.} Kd3 56. Kh4 Ke2 57. Kxh5 Kxf2 58. Kg5 g3 59. Kxf5 g2 {[#]} 60. d5 $1 g1=Q (60... cxd5 61. Bc5+) 61. Bc5+ {[%mdl 64] Skewer} Kg2 62. Bxg1 cxd5 63. Ke5 Kxg1 {K3P-K3P} 64. f5 Kf2 65. Kxd5 {K3P-KPP} Ke2 66. Kc5 Kd2 67. Kxb5 {KP-KP} Kc2 68. Kxa4 Kxb2 69. f6 Kxc3 {KP-K} 70. f7 Kc2 71. f8=Q Kb2 72. Qd8 Kc3 73. Qc8+ Kd3 74. Kb5 Ke4 75. Kc5 Kf4 76. Qd7 Kg5 77. Qd5+ Kh4 78. Kd6 Kg3 79. Qe6 Kg2 80. Ke7 Kf2 81. Qf6+ Ke3 82. Kf7 Kd3 83. Kg6 Ke4 84. Qf5+ Ke3 85. Kg5 Kd4 86. Qf4+ Kc5 87. Kg4 Kc6 88. Kf3 Kd7 89. Ke3 Ke7 90. Qg5+ Kd7 91. Ke4 Kc8 92. Qg6 Kc7 93. Kd5 Kb7 94. Qg7+ Kc8 95. Qh7 Kd8 96. Kc6 {[%csl Gc6][%cal Rh7d7]} Ke8 97. Qg7 Kd8 98. Qf8# {Accuracy: White = 79%, Black = 53%.} 1-0

[Event "Stay Safe Play From Home 298"]
[Site "Emanuel Lasker Arena"]
[Date "2020.07.13"]
[Round "8"]
[White "Haxhi Baha"]
[Black "Buzaglo"]
[Result "1-0"]
[WhiteElo "1997"]
[BlackElo "1831"]
[Annotator "TA"]
[PlyCount "131"]
[EventDate "2020.07.13"]
[EventType "swiss (blitz)"]

{[%evp 14,131,23,20,30,35,118,111,101,119,108,66,184,184,175,174,182,172,221,222,210,215,226,195,232,211,245,242,247,229,296,289,286,282,284,245,314,298,342,-29999,347,337,397,389,431,451,421,375,400,197,177,188,246,246,585,588,656,247,258,266,266,252,269,240,256,245,270,249,1033,1006,2390,2164,2070,1455,4910,2128,29970,29972,29972,29970,29971,29972,29974,29974,29973,29974,29969,29972,12694,2104,29979,29980,29978,29979,29977,29977,29981,29982,29985,29986,29992,29993,29994,29995,29995,29996,29997,29997,29997,29998,29998,29996,29996,29997,29998,29997,29998,29999,29999,6065]} 1. e4 e6 2. d4 d5 3. exd5 exd5 4. Nf3 Nf6 5. Bd3 c5 6. O-O c4 7. Re1+ Be7 8. Bf1 O-O {C01: French: Exchange Variation.} 9. b3 {[#]} Re8 $146 (9... cxb3 $14 10. axb3 Nc6) ({Predecessor:} 9... cxb3 10. axb3 Nc6 11. Bf4 Bf5 12. c3 Rc8 13. Nbd2 a6 14. b4 h6 15. Nb3 Ne4 16. Rc1 {0-1 (40) Tregubov,P (2592)-Sychev,K (2537) St Petersburg 2018}) 10. bxc4 $16 dxc4 {White is better.} 11. Bxc4 Nc6 12. h3 Be6 ({Better is} 12... Bf5 $14) 13. Bxe6 $18 fxe6 14. Rxe6 Qd5 15. Re1 Bb4 16. Rxe8+ Rxe8 17. c3 Bd6 18. Be3 Ne4 19. Qb3 Qxb3 20. axb3 a6 21. c4 Bb4 22. d5 Ne5 23. Nxe5 Rxe5 24. Ra2 Nf6 25. Kf1 h6 26. Bd4 $4 {[%mdl 8192]} (26. Re2 $18) 26... Re8 $4 {[%mdl 8192]} (26... Re1# {mates}) 27. Nc3 Nh5 28. g3 g5 29. c5 Ng7 30. Ra4 a5 31. c6 (31. Na2 $142) 31... bxc6 32. dxc6 {Threatens to win with Nd5.} Rc8 (32... Nf5 $142) 33. Nd5 Rxc6 $2 (33... Nf5 34. Nxb4 axb4) 34. Nxb4 axb4 35. Rxb4 $2 {[%mdl 4096] Endgame KRB-KRN} (35. Ra8+ Kh7 36. Ra7) 35... Rc1+ 36. Kg2 {Hoping for Rb8+.} Nf5 37. Rb8+ Kf7 38. Be5 Ke6 39. Bh8 Rc2 40. Kf3 Nd4+ $2 (40... Nd6 41. Bg7 h5) 41. Bxd4 {KRB-KR} Kd5 42. Be3 Rb2 43. b4 Kc6 {[#]} 44. b5+ $1 Kc7 (44... Rxb5 45. Rxb5) 45. Rh8 Rxb5 46. Rh7+ Kc6 47. Rxh6+ Kc7 48. Rh5 g4+ 49. Kxg4 Rb4+ 50. f4 Rb3 51. Bb6+ Kd7 52. Rh7+ {White mates.} Ke6 53. Rb7 Kd5 54. h4 Ke4 55. h5 Kd3 56. h6 Ke2 57. h7 Rb5 58. h8=Q Rb1 59. Qe5+ Kf1 60. Rd7 Re1 {[#]} 61. Qxe1+ $3 {[%mdl 64] Back Rank} Kxe1 62. f5 Ke2 63. f6 Ke1 64. f7 Ke2 65. f8=Q {[%csl Gb6][%cal Rf8f2]} Ke1 66. Qe7+ {White used his chance. Accuracy: White = 63%, Black = 36%.} (66. Qf2# $142) 1-0

[Event "Stay Safe Play From Home 298"]
[Site "Emanuel Lasker Arena"]
[Date "2020.07.13"]
[Round "8"]
[White "Patzeroglu"]
[Black "Bardellosport"]
[Result "0-1"]
[WhiteElo "1819"]
[BlackElo "2047"]
[Annotator "TA"]
[PlyCount "58"]
[EventDate "2020.07.13"]
[EventType "swiss (blitz)"]

{[%evp 9,58,-231,-152,-181,-162,-196,-114,-158,-122,-168,-157,-219,-222,-288,-255,-279,-158,-164,-156,-153,335,333,413,373,391,347,309,356,405,-100,-61,-248,-84,-254,685,673,1201,20,12,-764,-877,-885,-852,-1100,-1114,-29991,-572,-764,-758,-781,-321]} 1. c3 d6 2. f3 ({Predecessor:} 2. Nf3 Nf6 3. d3 g6 4. e4 Bg7 5. Be2 O-O 6. O-O e5 7. Na3 Nc6 8. h3 b6 9. Nc4 {0-1 (40) Soffer,R (2513)-Schmaltz,R (2502) Internet 1999}) 2... e5 3. Kf2 f5 4. Ke3 Nf6 5. Kd3 e4+ 6. Kc2 {A00: Irregular Openings.} Bd7 7. Qe1 Bc6 (7... Qe7 $19 8. Qg3 Nc6) 8. Qf2 {Black is better.} g6 9. e3 Bg7 10. a4 (10. Nh3 $17) 10... O-O 11. b4 Qe7 12. a5 d5 (12... Nbd7 $19 13. Bb2 b5) 13. b5 $17 {aiming for Ba3.} Bd7 14. Ba3 c5 $2 (14... Qe8 $17 {and life is bright. White must now prevent ...Rf7.} 15. Bxf8 Qxf8) 15. bxc6 $1 $18 {[%mdl 64] Discovered Attack} Qe6 16. cxb7 ({Less strong is} 16. cxd7 Rd8 $18) 16... Nc6 17. bxa8=Q Rxa8 18. Ne2 Nxa5 {...Ba4+ is the strong threat.} 19. Nf4 $2 (19. Bb4 $18 Nc6 20. Bc5) 19... Ba4+ $17 20. Kc1 $2 ({White must play} 20. Kb2 $1 $15 Rb8+ 21. Bb4 Rxb4+ 22. cxb4) 20... Qb6 $2 (20... Nb3+ $19 {and Black stays clearly on top.} 21. Kb2 Qb6) 21. Bb4 $2 (21. Ra2 $17 {is the only way for White.} Nb3+ 22. Kd1 (22. Kb2 $2 a5 $19) 22... Nxd2+ {[%mdl 64] Discovered Attack} 23. Kxd2 Qxb1 24. Bc4 Qxh1 25. Qf1 Qxh2 26. Be7 dxc4 27. Rxa4) 21... Rb8 $4 {[%mdl 8192]} (21... Nb3+ $19 22. Kb2 Nxa1 23. Kxa1 a5) 22. Rxa4 $18 Nc4 {[#]} 23. Ra5 $2 ({Better is} 23. Nxd5 $1 $18 Nxd5 24. Bxc4) 23... Nxa5 $11 24. Nxd5 $2 {[%mdl 8192]} (24. fxe4 $11 fxe4 25. d4 exd3 26. Qf3 (26. Nxd3 $2 Ne4 $19) (26. Bxd3 Nb3+ 27. Kc2 a5 $15) 26... Nb3+ 27. Kd1) 24... Nxd5 $19 25. d4 Nxb4 26. cxb4 Qxb4 27. Qc2 exf3 (27... Qe1+ $142 28. Qd1 Qxe3+ 29. Kc2 Bxd4 30. Qxd4 {[%mdl 64] Remove Defender} Qxd4 31. Nc3 {[#]} Rc8 $1 {[%mdl 512]} 32. Bd3 Rxc3+ 33. Kd2 Qxd3+ {[%mdl 64] Double Attack} 34. Ke1 Qe3+ 35. Kf1 Rc1#) 28. Bd3 fxg2 29. Qxg2 Nb3+ {Accuracy: White = 26%, Black = 34%.} (29... Qb3 $142 30. Qc2 Qb7) 0-1